<?xml version="1.0" encoding="UTF-8"?>
<record
    xmlns:xsi="http://www.w3.org/2001/XMLSchema-instance"
    xsi:schemaLocation="http://www.loc.gov/MARC21/slim http://www.loc.gov/standards/marcxml/schema/MARC21slim.xsd"
    xmlns="http://www.loc.gov/MARC21/slim">

  <leader>01542nam a22001697a 4500</leader>
  <datafield tag="999" ind1=" " ind2=" ">
    <subfield code="c">520611</subfield>
    <subfield code="d">520611</subfield>
  </datafield>
  <controlfield tag="008">220927b           ||||| |||| 00| 0 eng d</controlfield>
  <datafield tag="100" ind1=" " ind2=" ">
    <subfield code="a">Mallika, V.V.  </subfield>
    <subfield code="9">35031</subfield>
  </datafield>
  <datafield tag="245" ind1=" " ind2=" ">
    <subfield code="a">Effectiveness of e-governance initiatives in Telangana: A study of citizen services monitoring system (CSMS) </subfield>
  </datafield>
  <datafield tag="260" ind1=" " ind2=" ">
    <subfield code="a">Nagarlok </subfield>
  </datafield>
  <datafield tag="300" ind1=" " ind2=" ">
    <subfield code="a">54(2), Jun, 2022: p.19-41</subfield>
  </datafield>
  <datafield tag="520" ind1=" " ind2=" ">
    <subfield code="a">Worldwide governments are being pushed to alter their government systems in order to provide citizen-centric service delivery through the use of cutting-edge Information and Communication Technology (ICT). The use of e-governance has emerged as a critical tool in the fight against the evils of mismanagement and corruption. Over the course of more than two decades, e-governance initiatives have been introduced in India. The present study is set in the context of the growing significance of governance, public service delivery and e-governance, which highlights various issues like awareness, efficiency, transparency, responsiveness, participation and accountability. The study particularly examines the critical e-governance parameters of the Citizen Services Monitoring System (CSMS) initiative in urban areas of Telangana. Based on the study results, important policy suggestions have been provided. &#x2013; Reproduced 

</subfield>
  </datafield>
  <datafield tag="650" ind1=" " ind2=" ">
    <subfield code="a">E-governance, Good governance, Participation, Responsiveness, Service delivery.</subfield>
    <subfield code="9">33424</subfield>
  </datafield>
  <datafield tag="773" ind1=" " ind2=" ">
    <subfield code="a">Nagarlok </subfield>
  </datafield>
  <datafield tag="856" ind1=" " ind2=" ">
    <subfield code="u">https://www.iipa.org.in/cms/public/uploads/548931658912211.pdf</subfield>
  </datafield>
  <datafield tag="906" ind1=" " ind2=" ">
    <subfield code="a">E-GOVERNANCE</subfield>
  </datafield>
  <datafield tag="942" ind1=" " ind2=" ">
    <subfield code="c">AR</subfield>
  </datafield>
  <datafield tag="952" ind1=" " ind2=" ">
    <subfield code="0">0</subfield>
    <subfield code="1">0</subfield>
    <subfield code="2">ddc</subfield>
    <subfield code="4">0</subfield>
    <subfield code="7">0</subfield>
    <subfield code="9">394668</subfield>
    <subfield code="a">IIPA</subfield>
    <subfield code="b">IIPA</subfield>
    <subfield code="d">2022-09-27</subfield>
    <subfield code="h">54(2), Jun, 2022: p.19-41</subfield>
    <subfield code="p">AR127194</subfield>
    <subfield code="r">2022-09-27</subfield>
    <subfield code="y">AR</subfield>
  </datafield>
</record>
